000
00279nam a22001337a 4500
008
180928b xxu||||| |||| 00| 0 eng d
020
_a
104073
041
_a
eng
080
_a
311
100
_a
55
101
_a
STA
245
_a
Basic Statistics
_c
Leabo, D.A
942
_2
udc
_c
BK
999
_c
48672
_d
48672